Riconosci il Pokémon - Quiz n°174 - Statistics

Statistiche generali
  • Questo quiz è stato fatto 1 volte
  • Il punteggio medio è 10 su 10
Statistiche sulle risposte
Indizio Risposta % Corretto
Peso 14,0 kg
100%
Altezza 1,4 m
100%
Tasso di cattura 45 (11.9%)
100%
Sesso 50% ♂, 50% ♀
100%
Tasso di allevamento Medio-Veloce
100%
Stadio evoluzione Non si evolve
100%
Tipo Psico / Volante
100%
Generazione Quinta
100%
Pokémon Sigilyph
100%
Abilità Splendicute; Magicscudo; Lentifumé
100%
Nessun quiz corrispondente trovato
Distribuzione punteggi
Percentuale di utenti per punteggio
Percentile per numero di risposta
I tuoi punteggi nel tempo
Non hai fatto questo quiz